La hipoteca y la prenda y la normativa de emergencia (Registro nro. 31871)

Detalles MARC
000 -LEADER
fixed length control field 00373 a2200121 4500
001 - CONTROL NUMBER
control field ART_50901
005 - DATE AND TIME OF LATEST TRANSACTION
control field 20260410162007.0
008 - FIXED-LENGTH DATA ELEMENTS--GENERAL INFORMATION
fixed length control field 260409a
100 1# - MAIN ENTRY--PERSONAL NAME
Personal name Humphreys, Ethel
245 10 - TITLE STATEMENT
Title La hipoteca y la prenda y la normativa de emergencia
700 1# - ADDED ENTRY--PERSONAL NAME
Personal name Martinat, Julieta
773 0# - HOST ITEM ENTRY
Title Temas de derecho civil
Related parts - Año 6, N° 5 (mayo 2020)
Record control number REV34778

No hay ítems disponibles.